000 00465cam a22001575a 4500
001 J100838
008 000000s1923 xxk 000 0 eng u
035 _a(Sirsi) u100838
110 _aAuctioneers' and Estate Agents' Institute of the United Kingdom
_93789
245 _aAerial surveys and topography. Paper read at the Institute 22nd February 1923.
260 _c1923
300 _a8p.
651 4 _aUnited Kingdom
_y
690 _aGeomatics
_96242
942 _n0
999 _c99869
_d99869